| 000 | 01313nam0a22003371 4500 | ||
|---|---|---|---|
| 001 | rc\3743202 | ||
| 005 | 20250610110602.0 | ||
| 021 |
_aRU _b[71-21648] |
||
| 035 | _a(NLR Aleph) 007871101 | ||
| 090 |
_a7858071 _c7858071 |
||
| 100 | _a20130115d1971 |||y0rusy50 ca | ||
| 101 | 0 | _arus | |
| 102 | _aRU | ||
| 105 | _ay z ||||| | ||
| 200 | 1 | _aПособие по английскому языку для студентов юридических вузов | |
| 210 |
_aМосква _cВысш. школа _d1971 |
||
| 215 |
_a294 с. _d20 |
||
| 300 | _aНа обл. авт. не указаны | ||
| 300 | _aНа обл. загл.: English for law students | ||
| 300 | _aПеред загл. авт.: И.В. Салтыкова, Н.С. Мокрова, Н.Д. Колосанова | ||
| 320 | _aБиблиогр.: с. 3-4 (6 назв.) | ||
| 512 | 0 | _aEnglish for law students | |
| 606 |
_aАнглийский язык _jУчебники и пособия _2psbo |
||
| 700 | 1 |
_aСалтыкова _bИ.В. _gИрина Владимировна |
|
| 701 | 1 |
_aМокрова _bН.С. _gНонна Севировна |
|
| 701 | 1 |
_aКолосанова _bН.Д. _gНина Дмитриевна |
|
| 801 | 0 |
_aRU _bNLR _gpsbo |
|
| 801 | 1 |
_aRU _bELAR _2rusmarc |
|
| 852 |
_aNLR _j71-3/2000 |
||
| 942 | _cBOOK | ||
| 980 | _aNB | ||